LIBRARY & INFORMATION CENTRE, KCAET, TAVANUR

ONLINE PUBLIC ACCESS CATALOGUE (OPAC)

Fruits and vegetable preservation (Record no. 13997)

MARC details
000 -LEADER
fixed length control field 00284nam a22001097a 4500
020 ## - INTERNATIONAL STANDARD BOOK NUMBER
ISBN 9789380873442
082 ## - DEWEY DECIMAL CLASSIFICATION NUMBER
Classification number 664.028
Item number RAM/FR
245 ## - TITLE STATEMENT
Title Fruits and vegetable preservation
260 ## - PUBLICATION, DISTRIBUTION, ETC. (IMPRINT)
Place of publication Delhi
Name of publisher Educational Publishers and Distributors
Year of publication 2011
700 ## - ADDED ENTRY--PERSONAL NAME
Personal name Ramesh Chand
942 ## - ADDED ENTRY ELEMENTS (KOHA)
Koha item type Books
Holdings
Withdrawn status Lost status Damaged status Collection code Home library Current library Shelving location Date acquired Source of acquisition Cost, normal purchase price Full call number Accession Number Koha item type
      Non-fiction KAUAET KAUAET General Stacks 30/03/2013 A & A , Tvpm 600.00 664.028 RAM/FR 23823 Books
free website counter